Govt. of
Madhya Pradesh

71 Dash to Dhaka (Record no. 68609)

MARC details
000 -LEADER
fixed length control field 00262nam a22001097a 4500
082 ## - DEWEY DECIMAL CLASSIFICATION NUMBER
Classification number 954/BAK
100 ## - MAIN ENTRY--AUTHOR NAME
Personal name Maj Gen(Dr) GD Bakshi,SM,VSM
245 ## - TITLE STATEMENT
Title 71 Dash to Dhaka
260 ## - PUBLICATION, DISTRIBUTION, ETC. (IMPRINT)
Place of publication New Delhi
Name of publisher KW Pub.
Year of publication 2020
650 ## - SUBJECT ADDED ENTRY--TOPICAL TERM
Topical Term Indian History
942 ## - ADDED ENTRY ELEMENTS (KOHA)
Koha item type Books
Holdings
Withdrawn status Lost status Damaged status Not for loan Home library Current library Date acquired Cost, normal purchase price Full call number Accession Number Price effective from Koha item type
        MACL MACL 11/02/2026 620.00 954/BAK CRE040391 11/02/2026 Books